Waste management law : (Record no. 250)

MARC details
000 -LEADER
fixed length control field 01091cam a2200313 a 4500
001 - CONTROL NUMBER
control field 14176150
003 - CONTROL NUMBER IDENTIFIER
control field OSt
005 - DATE AND TIME OF LATEST TRANSACTION
control field 20110411125447.0
008 - FIXED-LENGTH DATA ELEMENTS--GENERAL INFORMATION
fixed length control field 051116s2005 enk b 001 0 eng d
010 ## - LIBRARY OF CONGRESS CONTROL NUMBER
LC control number 2005472754
020 ## - INTERNATIONAL STANDARD BOOK NUMBER
International Standard Book Number 0421895306
035 ## - SYSTEM CONTROL NUMBER
System control number (OCoLC)ocm62281072
040 ## - CATALOGING SOURCE
Original cataloging agency HKP
Transcribing agency HKP
Modifying agency DLC
043 ## - GEOGRAPHIC AREA CODE
Geographic area code e-uk---
050 00 - LIBRARY OF CONGRESS CALL NUMBER
Classification number KD3382.R44
Item number G37 2005
082 ## - DEWEY DECIMAL CLASSIFICATION NUMBER
Edition number 22
Classification number 344.0462
100 1# - MAIN ENTRY--PERSONAL NAME
Personal name Garbutt, J. H.
9 (RLIN) 736
245 10 - TITLE STATEMENT
Title Waste management law :
Remainder of title a practical handbook /
Statement of responsibility, etc John Garbutt.
250 ## - EDITION STATEMENT
Edition statement 4th ed.
260 ## - PUBLICATION, DISTRIBUTION, ETC. (IMPRINT)
Place of publication, distribution, etc London :
Name of publisher, distributor, etc Sweet & Maxwell,
Date of publication, distribution, etc 2005.
300 ## - PHYSICAL DESCRIPTION
Extent xliii, 312 p. ;
Dimensions 25 cm.
504 ## - BIBLIOGRAPHY, ETC. NOTE
Bibliography, etc Includes bibliographical references and index.
650 #0 - SUBJECT ADDED ENTRY--TOPICAL TERM
Topical term or geographic name as entry element Refuse and refuse disposal
General subdivision Law and legislation
Geographic subdivision Great Britain.
9 (RLIN) 737
650 #0 - SUBJECT ADDED ENTRY--TOPICAL TERM
Topical term or geographic name as entry element Hazardous wastes
General subdivision Law and legislation
Geographic subdivision Great Britain.
9 (RLIN) 738
906 ## - LOCAL DATA ELEMENT F, LDF (RLIN)
a 7
b cbc
c copycat
d 2
e ncip
f 20
g y-gencatlg
942 ## - ADDED ENTRY ELEMENTS (KOHA)
Source of classification or shelving scheme Dewey Decimal Classification
Koha item type Books
Holdings
Withdrawn status Lost status Source of classification or shelving scheme Damaged status Not for loan Home library Current library Shelving location Date acquired Total Checkouts Full call number Barcode Date last seen Price effective from Koha item type
    Dewey Decimal Classification     Law Development Centre Main Library Law Development Centre Main Library Text Books and Laws 04/11/2011   344.0462GAR 283/010 04/11/2011 04/11/2011 Books